The history of Canada / (Record no. 207)

000 -LEADER
fixed length control field 01023cam a22002891 4500
001 - CONTROL NUMBER
control field 9131070
003 - CONTROL NUMBER IDENTIFIER
control field OSt
005 - DATE AND TIME OF LATEST TRANSACTION
control field 20140116120821.0
008 - FIXED-LENGTH DATA ELEMENTS--GENERAL INFORMATION
fixed length control field 780228m18871898oncab 000 0 eng
010 ## - LIBRARY OF CONGRESS CONTROL NUMBER
LC control number 02010670
035 ## - SYSTEM CONTROL NUMBER
System control number (OCoLC)3676642
040 ## - CATALOGING SOURCE
Original cataloging agency DLC
Transcribing agency OT
Modifying agency OCoLC
-- DLC
042 ## - AUTHENTICATION CODE
Authentication code premarc
050 00 - LIBRARY OF CONGRESS CALL NUMBER
Classification number F1026.K56
100 1# - MAIN ENTRY--PERSONAL NAME
Personal name Kingsford, William,
Dates associated with a name 1819-1898.
245 04 - TITLE STATEMENT
Title The history of Canada /
Statement of responsibility, etc William Kingsford.
246 ## - VARYING FORM OF TITLE
Remainder of title Volume 3 [1726-1756]
250 ## - EDITION STATEMENT
Edition statement reprint
260 ## - PUBLICATION, DISTRIBUTION, ETC. (IMPRINT)
Place of publication, distribution, etc South Carolina :
Name of publisher, distributor, etc Nabu Press,
Date of publication, distribution, etc [2010].
300 ## - PHYSICAL DESCRIPTION
Extent 10 v.
501 ## - WITH NOTE
With note his is a reproduction of a book published before 1923. it is a scanned copy contains copyright references and library stamps
505 0# - FORMATTED CONTENTS NOTE
Formatted contents note v. 1-4. Canada under French rule.--v. 5-10. Canada under British rule.
651 #0 - SUBJECT ADDED ENTRY--GEOGRAPHIC NAME
Geographic name Canada
General subdivision History.
856 ## - ELECTRONIC LOCATION AND ACCESS
Materials specified Cover image
Uniform Resource Identifier <a href="http://bks8.books.google.co.ke/books?id=6wELkgAACAAJ&printsec=frontcover&img=1&zoom=1">http://bks8.books.google.co.ke/books?id=6wELkgAACAAJ&printsec=frontcover&img=1&zoom=1</a>
906 ## - LOCAL DATA ELEMENT F, LDF (RLIN)
a 7
b cbc
c oclcrpl
d u
e ncip
f 19
g y-gencatlg
942 ## - ADDED ENTRY ELEMENTS (KOHA)
Source of classification or shelving scheme
Koha item type Book
Holdings
Withdrawn status Lost status Source of classification or shelving scheme Damaged status Not for loan Home library Current library Date acquired Source of acquisition Total Checkouts Full call number Barcode Date last seen Copy number Price effective from Koha item type Date checked out
          Riara University Library Riara University Library 12/10/2011 Purchase   F1026.K56 2010 1566/11 12/10/2011 C.1 12/10/2011 Book  
          Riara University Library Riara University Library 12/10/2011 Purchase   F1026.K56 2010 1564/11 12/10/2011 C.2 12/10/2011 Book  
          Riara University Library Riara University Library 12/10/2011 Purchase 2 F1026.K56 2010 1565/11 27/05/2014 C.3 12/10/2011 Book 02/05/2014

Riara University Library,
P.O. Box 49940-00100,
Nairobi, Kenya.